<?xml version="1.0" encoding="UTF-8"?>
<marc:record xmlns:marc="http://www.loc.gov/MARC21/slim">
   <marc:leader>00000nam a2200000 a 4500</marc:leader>
   <marc:datafield ind1="1" ind2=" " tag="100">
      <marc:subfield code="a">Hellberg, Åsa</marc:subfield>
      <marc:subfield code="4">aut</marc:subfield>
      <marc:subfield code="e">Verfasser/-in</marc:subfield>
   </marc:datafield>
   <marc:datafield ind1="1" ind2=" " tag="100">
      <marc:subfield code="a">Flegler, Leena</marc:subfield>
      <marc:subfield code="4">trl</marc:subfield>
      <marc:subfield code="e">Übersetzer/-in</marc:subfield>
   </marc:datafield>
   <marc:datafield ind1="0" ind2="0" tag="245">
      <marc:subfield code="a">Wiedersehen im Flanagans</marc:subfield>
   </marc:datafield>
   <marc:datafield ind1="0" ind2="0" tag="245">
      <marc:subfield code="b">Roman</marc:subfield>
   </marc:datafield>
   <marc:datafield ind1="0" ind2="0" tag="245">
      <marc:subfield code="c">Åsa Hellberg</marc:subfield>
   </marc:datafield>
   <marc:datafield ind1=" " ind2="1" tag="264">
      <marc:subfield code="a">Berlin</marc:subfield>
      <marc:subfield code="b">Ullstein Taschenbuch Verlag</marc:subfield>
      <marc:subfield code="c">2021</marc:subfield>
   </marc:datafield>
   <marc:datafield ind1="1" ind2=" " tag="520">
      <marc:subfield code="a">Angaben aus der Verlagsmeldung

Wiedersehen im Flanagans : Roman Kvinnorna på Flanagans / von Åsa Hellberg

London, Silvester 1982: Der glamouröse Jahreswechsel im Luxushotel Flanagans steht bevor, die prominenten Gäste des Hauses tummeln sich unter dem Schein der frischpolierten Kronleuchter. Seite an Seite haben die Besitzerinnen Elinor und Emma die Berühmtheit des Hotels auch im vergangenen Jahr steigern können. Doch der Erfolg nagt an den unzertrennlichen Freundinnen – waren die Opfer, die sie für ihren Traum gebracht haben, zu groß?
Als eine bittere Wahrheit droht, ans Licht zu kommen, wird Elinors und Emmas Freundschaft auf die Probe gestellt: Können sie durch ihre Liebe zum Flanagans die Intrigen überwinden und einen Weg finden, ihre Freundschaft und das Hotel ihrer Träume zu retten?
</marc:subfield>
   </marc:datafield>
   <marc:datafield ind1=" " ind2=" " tag="020">
      <marc:subfield code="a">9783548061221</marc:subfield>
      <marc:subfield code="9">9783548061221</marc:subfield>
   </marc:datafield>
   <marc:datafield ind1=" " ind2=" " tag="020">
      <marc:subfield code="a">3548061222</marc:subfield>
      <marc:subfield code="9">3548061222</marc:subfield>
   </marc:datafield>
   <marc:datafield ind1=" " ind2=" " tag="041">
      <marc:subfield code="a">ger</marc:subfield>
   </marc:datafield>
   <marc:datafield ind1=" " ind2=" " tag="300">
      <marc:subfield code="a">438 S.</marc:subfield>
   </marc:datafield>
</marc:record>
